| 000 | 00775nam a2200205 a 4500 | ||
|---|---|---|---|
| 005 | 20171114160113.0 | ||
| 008 | 140220b1996 ck ||||| |||| 00| 0 spa d | ||
| 040 |
_aCO-BoIAVH _cCO-BoIAVH |
||
| 041 | 0 | _aspa | |
| 044 | _ack | ||
| 082 | 0 | 4 |
_a363.7063 _bC71a |
| 110 | 1 |
_aColombia. _bMinisterio del Medio Ambiente |
|
| 245 | 1 | 0 |
_aOferta de servicios ambientales y tecnologías limpias : _bbases de datos |
| 260 |
_aBogotá (Colombia) : _bMinisterio del Medio Ambiente, _c1996? |
||
| 300 |
_a127 páginas : _btablas ; _c28 x 23 cm. |
||
| 650 | 2 | 6 |
_aBiotecnología _zColombia _vBases de datos |
| 650 | 2 | 4 |
_aServicios ambientales _zColombia _vBases de datos |
| 650 | 2 | 6 |
_aProtección ambiental _xAsesoramiento _zColombia _vBases de datos |
| 942 |
_cLIBRO _2ddc |
||
| 999 |
_c258 _d258 |
||